Planning of Production Plants

Analýza možností plánovania výrobných závodov. Dokument obsahuje štyri hlavné témy: výrobné závody, plánovanie výrobných závodov, systémy plánovania výrobných závodov a trendy vo vývoji plánovania výrobných závodov.

Gespeichert in:
Bibliographische Detailangaben
1. Verfasser: Malega, Peter
Format: Buchkapitel
Sprache:Englisch
Schlagworte:
Tags: Tag hinzufügen
Keine Tags, Fügen Sie das erste Tag hinzu!

MARC

LEADER 00000nla a2200000 4500
001 0247532
005 20240417075145.2
041 0 |a eng 
044 |a RO 
245 1 0 |a Planning of Production Plants  |c Peter Malega 
520 |a Analýza možností plánovania výrobných závodov. Dokument obsahuje štyri hlavné témy: výrobné závody, plánovanie výrobných závodov, systémy plánovania výrobných závodov a trendy vo vývoji plánovania výrobných závodov. 
610 2 0 |a závody 
610 2 0 |a výroba 
610 2 0 |a plánovanie 
610 2 0 |a podnik 
100 1 |a Malega, Peter